[Event "SVK-chT2A 2223"]
[Site "Slovakia"]
[Date "2023.01.15"]
[Round "7.7"]
[White "Benci, Jozef"]
[Black "Szitkey, Milan"]
[Result "0-1"]
[WhiteElo "1645"]
[BlackElo "2016"]
[PlyCount "60"]
[EventDate "2022.10.08"]
[EventType "team-tourn"]
[EventRounds "11"]
[EventCountry "SVK"]
[SourceTitle "EXT 2024"]
[Source "ChessBase"]
[SourceDate "2023.10.10"]
[SourceVersion "1"]
[SourceVersionDate "2023.10.10"]
[SourceQuality "1"]
[WhiteTeam "Osuske II"]
[BlackTeam "Trnava Lokomotiva"]
[WhiteTeamCountry "SVK"]
[BlackTeamCountry "SVK"]

1. e4 c5 2. Nc3 Nc6 3. f4 e6 4. Bb5 Nd4 5. Bc4 a6 6. a3 b5 7. Ba2 Bb7 8. Nf3 Ne7 9. d3 Nec6 10. 0-0 g6 11. f5 Bg7 12. Be3 Qe7 13. Qd2 Nxf3+ 14. Rxf3 Nd4 15. Rff1 gxf5 16. exf5 Rg8 17. Ne4 Bxe4 18. dxe4 Qh4 19. Rf4 Qh5 20. Rf2 Be5 21. Bf4 Bxf4 22. Qxf4 Ne2+ 23. Rxe2 Qxe2 24. g3 Rg4 25. Qd6 Qe3+ 26. Kf1 Rxe4 27. fxe6 fxe6 28. c3 Qf3+ 29. Kg1 Re2 30. Bd5 Qf2+ 0-1

[Event "SVK-chT3A2 2122"]
[Site "Slovakia"]
[Date "2022.04.24"]
[Round "6.3"]
[White "Szitkey, Milan"]
[Black "Kubis, Ivan"]
[Result "0-1"]
[WhiteElo "2024"]
[BlackElo "1816"]
[PlyCount "82"]
[EventDate "2021.10.10"]
[EventType "team-tourn"]
[EventRounds "11"]
[EventCountry "SVK"]
[SourceTitle "EXT 2024"]
[Source "ChessBase"]
[SourceDate "2023.10.10"]
[SourceVersion "1"]
[SourceVersionDate "2023.10.10"]
[SourceQuality "1"]
[WhiteTeam "Trnava Lokomotiva"]
[BlackTeam "Holic"]
[WhiteTeamCountry "SVK"]
[BlackTeamCountry "SVK"]

1. e4 e5 2. Nf3 Nc6 3. Bb5 a6 4. Ba4 Nf6 5. d3 d6 6. c3 g6 7. 0-0 Bg7 8. Nbd2 b5 9. Bb3 0-0 10. Re1 Na5 11. Bc2 c5 12. Nf1 Nc6 13. Bg5 Qc7 14. Ne3 Bd7 15. Qd2 Rfe8 16. a4 b4 17. Bb3 a5 18. Bd5 Rab8 19. h4 h6 20. Bxf6 Bxf6 21. Bxc6 Qxc6 22. Nc4 Kg7 23. Nxa5 Qa6 24. Nc4 Bg4 25. Nh2 Be6 26. g3 h5 27. Ne3 bxc3 28. bxc3 Rb3 29. Nd5 Bxd5 30. exd5 Reb8 31. Ra2 Bd8 32. Nf1 Ba5 33. Rc1 Qc8 34. Ne3 Qh3 35. Nd1 Bd8 36. a5 Ra8 37. c4 g5 38. hxg5 h4 39. gxh4 Rxd3 40. Qe2 Rd4 41. Ne3 Rxh4 0-1

[Event "SVK-chT3A2 1819"]
[Site "Slovakia"]
[Date "2018.12.09"]
[Round "5.2"]
[White "Szitkey, Milan"]
[Black "Lanc, Alois"]
[Result "0-1"]
[WhiteElo "2070"]
[BlackElo "2292"]
[PlyCount "76"]
[EventDate "2018.10.07"]
[EventType "team-tourn"]
[EventRounds "11"]
[EventCountry "SVK"]
[SourceTitle "EXT 2020"]
[Source "ChessBase"]
[SourceDate "2019.10.17"]
[SourceVersion "1"]
[SourceVersionDate "2019.10.17"]
[SourceQuality "1"]
[WhiteTeam "Trnava Lokomotiva III"]
[BlackTeam "Modranka Komplet"]
[WhiteTeamCountry "SVK"]
[BlackTeamCountry "SVK"]

1. e4 e5 2. Nf3 Nc6 3. Bb5 a6 4. Ba4 Nf6 5. d3 b5 6. Bb3 d6 7. Ng5 d5 8. exd5 Nd4 9. Be3 Nxb3 10. axb3 Nxd5 11. Qf3 f6 12. Ne4 Nxe3 13. fxe3 Rb8 14. 0-0 Be7 15. Qh5+ g6 16. Qh6 Kf7 17. Nbc3 Rb6 18. Rf2 Kg8 19. Raf1 f5 20. g4 g5 21. Qh5 f4 22. d4 Kg7 23. Nxg5 Bxg5 24. Ne4 Rg6 25. h3 Bb7 26. exf4 Bxe4 27. fxg5 Qxd4 28. Kh2 Bd5 29. Qh4 Qe3 30. Rf5 Be6 31. R1f3 Qe4 32. Qf2 Bxf5 33. Rxf5 Rd8 34. Kg3 Kg8 35. Qc5 Qe1+ 36. Kf3 e4+ 37. Kf4 Rgd6 38. Rf6 Rxf6+ 0-1

[Event "SVK-chT2A 1819"]
[Site "Slovakia"]
[Date "2018.11.18"]
[Round "4.6"]
[White "Szitkey, Milan"]
[Black "Vadila, Ondrej"]
[Result "1/2-1/2"]
[WhiteElo "2046"]
[BlackElo "2128"]
[PlyCount "42"]
[EventDate "2018.10.13"]
[EventType "team-tourn"]
[EventRounds "11"]
[EventCountry "SVK"]
[SourceTitle "CBM 189 Extra"]
[Source "ChessBase"]
[SourceDate "2019.06.03"]
[SourceVersion "1"]
[SourceVersionDate "2019.06.03"]
[SourceQuality "1"]
[WhiteTeam "Trnava Lokomotiva"]
[BlackTeam "Bratislava Slovan V"]
[WhiteTeamCountry "SVK"]
[BlackTeamCountry "SVK"]

1. e4 c5 2. Nf3 Nc6 3. c3 Nf6 4. e5 Nd5 5. d4 cxd4 6. cxd4 d6 7. Bc4 Nb6 8. Bb3 dxe5 9. Nxe5 Nxe5 10. dxe5 Qxd1+ 11. Bxd1 g6 12. f4 Bg7 13. Bf3 0-0 14. Nc3 Rd8 15. a4 Be6 16. Bxb7 Rab8 17. Ba6 Nc4 18. Bb5 f6 19. exf6 Bxf6 20. 0-0 a6 21. Bxc4 Bxc4 1/2-1/2

[Event "SVK-ch Seniors 65"]
[Site "Tatranske Matliare"]
[Date "2017.06.01"]
[Round "7"]
[White "Szitkey, Milan"]
[Black "Fiser, Jiri1111"]
[Result "1-0"]
[WhiteElo "2092"]
[BlackElo "1921"]
[PlyCount "79"]
[EventDate "2017.05.27"]
[EventType "swiss"]
[EventRounds "9"]
[EventCountry "SVK"]
[SourceTitle "EXT 2023"]
[Source "ChessBase"]
[SourceDate "2022.10.05"]
[SourceVersion "1"]
[SourceVersionDate "2022.10.05"]
[SourceQuality "1"]

1. e4 c5 2. Nf3 Nc6 3. c3 d5 4. exd5 Qxd5 5. d4 e6 6. Be3 cxd4 7. cxd4 Nf6 8. Nc3 Qa5 9. Be2 Be7 10. 0-0 0-0 11. Re1 Nb4 12. Ne5 Nbd5 13. Bd2 Qb6 14. Nxd5 Nxd5 15. Bc3 f6 16. Nc4 Qd8 17. Bd3 f5 18. Ne5 Qd6 19. Nc4 Qd8 20. Rc1 Rf6 21. Ne5 Qd6 22. Bd2 Bd7 23. Qb3 b6 24. Bg5 Rg6 25. Bxe7 Nxe7 26. Nxg6 hxg6 27. Bc4 Kf7 28. Re5 Nc6 29. Bxe6+ Bxe6 30. Rxe6 Qxe6 31. d5 Qe5 32. dxc6+ Kf6 33. Qc2 Re8 34. g3 g5 35. a4 a6 36. c7 Rc8 37. Qc6+ Qe6 38. b4 b5 39. axb5 axb5 40. Qxb5 1-0

[Event "SVK-chT1W 1516"]
[Site "Slovakia"]
[Date "2016.03.20"]
[Round "11.4"]
[White "Szitkey, Milan"]
[Black "Balogh, Peter"]
[Result "1/2-1/2"]
[WhiteElo "2109"]
[BlackElo "2178"]
[PlyCount "61"]
[EventDate "2015.10.24"]
[EventType "team-tourn"]
[EventRounds "11"]
[EventCountry "SVK"]
[SourceTitle "EXT 2017"]
[Source "ChessBase"]
[SourceDate "2016.10.25"]
[SourceVersion "1"]
[SourceVersionDate "2016.10.25"]
[SourceQuality "1"]
[WhiteTeam "Trnava Lokomotiva"]
[BlackTeam "Gabcikovo"]
[WhiteTeamCountry "SVK"]
[BlackTeamCountry "SVK"]

1. e4 e5 2. Nf3 Nc6 3. Bb5 f5 4. Nc3 fxe4 5. Nxe4 Nf6 6. Qe2 d5 7. Ng3 e4 8. d3 Qe7 9. dxe4 dxe4 10. Ng5 Bg4 11. Bxc6+ bxc6 12. Qc4 Qb4+ 13. Qxb4 Bxb4+ 14. c3 Bd6 15. N5xe4 0-0 16. Nxd6 cxd6 17. 0-0 d5 18. h3 Bd7 19. Be3 a5 20. b3 a4 21. b4 Rfe8 22. Rfe1 Ne4 23. Nxe4 Rxe4 24. Bd4 Rae8 25. Kf1 g6 26. Rxe4 Rxe4 27. Re1 Rxe1+ 28. Kxe1 Kf7 29. Kd2 Be6 30. Kc1 Bc8 31. Kd2 1/2-1/2

[Event "SVK-chT1W 1516"]
[Site "Slovakia"]
[Date "2016.03.19"]
[Round "10.4"]
[White "Hanko, Pavol"]
[Black "Szitkey, Milan"]
[Result "1-0"]
[WhiteElo "2144"]
[BlackElo "2109"]
[PlyCount "51"]
[EventDate "2015.10.24"]
[EventType "team-tourn"]
[EventRounds "11"]
[EventCountry "SVK"]
[SourceTitle "EXT 2017"]
[Source "ChessBase"]
[SourceDate "2016.10.25"]
[SourceVersion "1"]
[SourceVersionDate "2016.10.25"]
[SourceQuality "1"]
[WhiteTeam "Prievidza"]
[BlackTeam "Trnava Lokomotiva"]
[WhiteTeamCountry "SVK"]
[BlackTeamCountry "SVK"]

1. d4 d5 2. Nf3 Nf6 3. c4 e6 4. Bg5 Be7 5. e3 c6 6. Nc3 0-0 7. Rc1 Nbd7 8. Bd3 dxc4 9. Bxc4 b5 10. Bd3 a6 11. 0-0 Bb7 12. Bb1 h6 13. Bh4 Re8 14. e4 c5 15. e5 Nd5 16. Bxe7 Qxe7 17. Ne4 cxd4 18. Nd6 Nxe5 19. Nxe8 Nxf3+ 20. Qxf3 Rxe8 21. Qe4 Qg5 22. h4 Qf6 23. Rfd1 e5 24. Rxd4 Nc3 25. Qh7+ Kf8 26. bxc3 1-0

[Event "SVK-chT1W 1516"]
[Site "Slovakia"]
[Date "2015.12.13"]
[Round "6.5"]
[White "Szitkey, Milan"]
[Black "Podoba, Milan"]
[Result "1-0"]
[WhiteElo "2109"]
[BlackElo "2100"]
[PlyCount "71"]
[EventDate "2015.10.24"]
[EventType "team-tourn"]
[EventRounds "11"]
[EventCountry "SVK"]
[SourceTitle "CBM 170 Extra"]
[Source "ChessBase"]
[SourceDate "2016.02.25"]
[SourceVersion "1"]
[SourceVersionDate "2016.02.25"]
[SourceQuality "1"]
[WhiteTeam "Trnava Lokomotiva"]
[BlackTeam "Dubnica nad Vahom"]
[WhiteTeamCountry "SVK"]
[BlackTeamCountry "SVK"]

1. e4 e6 2. d4 d5 3. Nd2 Nf6 4. e5 Nfd7 5. Bd3 c5 6. c3 Nc6 7. Ndf3 cxd4 8. cxd4 f6 9. exf6 Nxf6 10. Ne2 Bd6 11. 0-0 0-0 12. Bf4 Bxf4 13. Nxf4 Ne4 14. g3 Ng5 15. Ne5 Nxe5 16. dxe5 Rxf4 17. gxf4 Nh3+ 18. Kh1 Nxf4 19. Qf3 Nxd3 20. Qxd3 Bd7 21. Rg1 Bc6 22. Qd4 Qc7 23. Rac1 Rf8 24. Rg4 Qf7 25. Kg1 a6 26. h4 Qf5 27. Re1 Qh5 28. Re3 Rf5 29. Reg3 g6 30. Rg5 Rxg5 31. Rxg5 Qf3 32. Rg4 Kg7 33. Rf4 Qe2 34. Rf6 Bd7 35. Qf4 Qe1+ 36. Kh2 1-0

[Event "SVK-chT1W 1516"]
[Site "Slovakia"]
[Date "2015.11.15"]
[Round "4.5"]
[White "Mikulas, Dusan"]
[Black "Szitkey, Milan"]
[Result "1/2-1/2"]
[WhiteElo "2079"]
[BlackElo "2109"]
[PlyCount "21"]
[EventDate "2015.10.24"]
[EventType "team-tourn"]
[EventRounds "11"]
[EventCountry "SVK"]
[SourceTitle "CBM 170 Extra"]
[Source "ChessBase"]
[SourceDate "2016.02.25"]
[SourceVersion "1"]
[SourceVersionDate "2016.02.25"]
[SourceQuality "1"]
[WhiteTeam "Bratislava Slovan II"]
[BlackTeam "Trnava Lokomotiva"]
[WhiteTeamCountry "SVK"]
[BlackTeamCountry "SVK"]

1. e4 e6 2. d4 d5 3. exd5 exd5 4. Bd3 Nf6 5. Nf3 Be7 6. h3 0-0 7. 0-0 Nbd7 8. Re1 Re8 9. Bf4 Nf8 10. Ne5 Ne6 11. Be3 1/2-1/2

[Event "SVK-chT2A 1415"]
[Site "Slovakia"]
[Date "2015.02.15"]
[Round "9.2"]
[White "Szitkey, Milan"]
[Black "Sosovicka, Juraj"]
[Result "1/2-1/2"]
[WhiteElo "2151"]
[BlackElo "2215"]
[PlyCount "102"]
[EventDate "2014.10.11"]
[EventType "team-tourn"]
[EventRounds "11"]
[EventCountry "SVK"]
[SourceTitle "EXT 2016"]
[Source "ChessBase"]
[SourceDate "2015.10.08"]
[SourceVersion "1"]
[SourceVersionDate "2015.10.08"]
[SourceQuality "1"]
[WhiteTeam "Trnava Lokomotiva II"]
[BlackTeam "Devinska Nova Ves II"]
[WhiteTeamCountry "SVK"]
[BlackTeamCountry "SVK"]

1. e4 e5 2. Nf3 Nc6 3. Bb5 f5 4. Nc3 fxe4 5. Bxc6 dxc6 6. Nxe4 Nf6 7. Qe2 Bd6 8. d4 Bg4 9. Bg5 Qe7 10. Nxd6+ cxd6 11. dxe5 Bxf3 12. gxf3 Qxe5 13. Qxe5+ dxe5 14. 0-0-0 0-0 15. Rhe1 Rae8 16. Rd3 h6 17. Bh4 Nd5 18. Bg3 Rf5 19. c4 Nb6 20. b3 h5 21. h4 Kf7 22. Rde3 Nd7 23. f4 e4 24. Rxe4 Rxe4 25. Rxe4 Nc5 26. Rd4 Ke7 27. Kd2 g6 28. Ke3 Ne6 29. Rd2 Rf8 30. Ke4 Nc5+ 31. Kf3 Rf6 32. Re2+ Re6 33. Re5 Nd3 34. Re3 Ne1+ 35. Ke2 Nc2 36. Re5 Nd4+ 37. Kd3 Nf5 38. Ke4 Nd6+ 39. Kd3 Nf5 40. Ke4 Nd6+ 41. Kd3 Kf6 42. a4 Nf7 43. Rxe6+ Kxe6 44. a5 a6 45. Kd4 Nh6 46. Kc5 Kd7 47. b4 Nf5 48. b5 Kc7 49. Bh2 cxb5 50. cxb5 axb5 51. Kxb5 Kd7 1/2-1/2